Crucible Key Quotes Quiz Stats

 Plays Quiz not verified by Sporcle

Score 0/16 Timer 20:00
0 Plays Today
Hint Quote % Correct
Proof of the stupidity of the Judges.I am innocent to a witch. I know not what a witch is. How do you know then that you are not a witch
81.3%
Integrity!(With a cry of his whole soul): Because it is my name! Because I cannot have another in my life! Because I lie and sign myself to lies! Because I am not worth the dust on the feet of them that hang! How may I live without my name? I have given you my soul
68.8%
Elizabeth is contentHe have his goodness now, God forbid I take it from him
68.8%
John confesses to lechery.(Trembling, his life collapsing about him): I have known her, sir. I have known her
62.5%
Hale sees the truthIt is a lie! They are innocent!
62.5%
John is ashamed to confess for his childrenI have three children - how may I teach them to walk like men in the world and I sold my friends?
62.5%
Mary Warren caves in to the girls.(pointing at Proctor): You're the Devil's man!
56.3%
Proctor decides to confesshe is off the earth, his voice hollow. I want my life.
50%
Hint Quote % Correct
Proctor becomes angry at the court.(his mind wild, breathless): I say - I say - God is dead!
43.8%
Proctor is a good manI can. And there's your first marvel, that I can. You have made your magic now, for now I do think I see some shred of goodness in John Proctor
43.8%
John Is a good manThese are my friends, their wives are also accused
43.8%
John's reason to confessI cannot mount the gibbet like a saint. It is a fraud. I am not that man. My honesty is broke, Elizabeth, I am no good man. Nothing is spoiled by giving them this lie that were not rotten long before
37.5%
John doesn't want his confession to be posted on the churchGod knows how black my sins are! It is enough!
37.5%
Proctor tears the confession.His breast heaving, his eyes staring, Proctor tears the paper and crumples it, and he is weeping in fury, but erect
37.5%
Eliabeth fails to help JohnJohn, it come to naught that I should forgive you, if you'll not forgive yourself
25%
John is ashamed in front of Rebecca Nurse(Through his teeth, his face turned away from Rebecca): I did
25%

You're not logged in!

Compare scores with friends on all Sporcle quizzes.
OR
Log In

You Might Also Like...

Show Comments

Extras

Created Jan 16, 2011ReportNominate
Tags:Quote Quiz, crucible, key

Top Quizzes Today


Score Distribution

Your Account Isn't Verified!

In order to create a playlist on Sporcle, you need to verify the email address you used during registration. Go to your Sporcle Settings to finish the process.

Report this User

Report this user for behavior that violates our Community Guidelines.

Details: